000 00433nam a2200193Ia 4500
008 210210b1929 xxu||||| |||| 00| 0 eng d
041 _aeng
082 _a335/17
100 _aANSTEY (V)
245 _aTrade of the Indian ocean
260 _aLondon
_bLongman Green & Co.
_c1929
650 _aTrade
650 _athe
650 _aof
650 _aocean
650 _aIndian
690 _aIndian Economics
906 _a004360
999 _c124745
_d124745